Warali Paintings : Traditional Flock Art From India (Record no. 11960)

MARC details
000 -LEADER
fixed length control field 00397nam a2200145Ia 4500
008 - FIXED-LENGTH DATA ELEMENTS--GENERAL INFORMATION
fixed length control field 220803s9999 xx 000 0 und d
020 ## - INTERNATIONAL STANDARD BOOK NUMBER
International Standard Book Number 81-87853-24-7
041 ## - LANGUAGE CODE
Language code of text/sound track or separate title eng
082 ## - DEWEY DECIMAL CLASSIFICATION NUMBER
Classification number 745.4 PRA
100 ## - MAIN ENTRY--PERSONAL NAME
Personal name Prakash K
9 (RLIN) 16762
245 ## - TITLE STATEMENT
Title Warali Paintings : Traditional Flock Art From India
260 ## - PUBLICATION, DISTRIBUTION, ETC. (IMPRINT)
Place of publication, distribution, etc. Mumbai
Name of publisher, distributor, etc. English Edition Publisher
Date of publication, distribution, etc. 2002
300 ## - PHYSICAL DESCRIPTION
Extent 58p
650 ## - SUBJECT ADDED ENTRY--TOPICAL TERM
Topical term or geographic name as entry element Basic Design
9 (RLIN) 16763
Holdings
Withdrawn status Lost status Damaged status Not for loan Collection code Home library Current library Shelving location Date acquired Vendor Cost, normal purchase price Total Checkouts Full call number Barcode Date last seen Cost, replacement price Bill Date Koha item type Original Barcode
        Book of B Arch Dr. Bhanuben Nanavati College of Architecture Dr. Bhanuben Nanavati College of Architecture   25/08/2004 Sanskruti 251.00   720.8 PRA BNCA-BK-4147 03/08/2022 295.00 25/08/2004 Books B004147